000 01104nam a2200337 a 4500
001 000044621
003 DO-SdBNP
005 20250129101145.0
007 ta
008 141209s2014 dr 000 0 spa d
020 _a9789945475944
040 _aDO-SdBNP
_bspa
_cBNPHU
_erda
041 _hspa
082 _aRD863.6
_bS715c
_222
245 0 0 _aSospecha colectiva :
_bantología del taller literario narradores de santo domingo /
_cElayne Abreu, Gladys Almonte, Valentín de Amaro, Rodolfo Báez, José Alberto Beltrán [y otros 21]
264 _aSanto Domingo :
_bEdiciones Ferilibro,
_c2014.
300 _a207 páginas ;
_c23 cm.
336 _ardacontent
_btexto
_2txt
337 _ardamedia
_bsin mediación
_2n
338 _ardacarrier
_bvolumen
_2nc
590 _aInventariado, 2025/DG
650 4 _aCuentos dominicanos
650 4 _aLiteratura dominicana
700 1 _aAbreu, Elayne
_953440
700 1 _aAlmonte, Gladys
_911287
700 1 _aAmaro, Valentín de
_986927
700 1 _aBáez, Rodolfo
_945445
700 1 _aBerroa, Fernando,
_943136
910 _aDG
942 _2ddc
_cLBS1
999 _c44110
_d44110